000 00584nam a2200205Ia 4500
003 OSt
005 20221007112405.0
006 a|||||r|||| 00| 0
007 ta
008 221006b |||||||| |||| 00| 0 eng d
024 _a27,145
037 _cBound Volume
040 _aLCO
_cLCO
_beng
041 _2eng
_aeng
245 0 _aALL INDIA REPORTSR NAGPUR, LOWER BURMA, UPPER BURMA, RANGOON, OUDH, SINGH, PESHWAR
260 _aNagpur
_bAll India reporter ltd. India
_c1914
490 _v331517 9 -1922
942 _cCR
999 _c1196708
_d1196708